Type ok as many times as you can in 1 minute! - Statistics

General Stats
  • This quiz has been taken 228 times
  • The average score is 162 of 500
Answer Stats
Answer % Correct
Ok
100%
Ok
97%
Ok
97%
Ok
96%
Ok
96%
Ok
94%
Ok
94%
Ok
94%
Ok
94%
Ok
94%
Ok
94%
Ok
94%
Ok
94%
Ok
94%
Ok
94%
Ok
94%
Ok
94%
Ok
94%
Ok
94%
Ok
93%
Ok
93%
Ok
93%
Ok
93%
Ok
92%
Ok
92%
Ok
92%
Ok
92%
Ok
92%
Ok
91%
Ok
91%
Ok
91%
Ok
91%
Ok
91%
Ok
91%
Ok
91%
Ok
91%
Ok
91%
Ok
90%
Ok
90%
Ok
90%
Ok
90%
Ok
88%
Ok
88%
Ok
88%
Ok
88%
Ok
88%
Ok
88%
Ok
88%
Ok
88%
Ok
88%
Ok
88%
Ok
86%
Ok
86%
Ok
86%
Ok
86%
Ok
86%
Ok
86%
Ok
86%
Ok
86%
Ok
86%
Ok
86%
Ok
85%
Ok
85%
Ok
84%
Ok
83%
Ok
83%
Ok
83%
Ok
83%
Ok
83%
Ok
83%
Ok
82%
Ok
82%
Ok
82%
Ok
82%
Ok
82%
Ok
82%
Ok
82%
Ok
82%
Ok
82%
Ok
81%
Ok
81%
Ok
81%
Ok
81%
Ok
81%
Ok
81%
Ok
80%
Ok
79%
Ok
79%
Ok
79%
Ok
79%
Ok
79%
Ok
79%
Ok
79%
Ok
78%
Ok
77%
Ok
77%
Ok
76%
Ok
75%
Ok
75%
Ok
75%
Ok
75%
Ok
74%
Ok
72%
Ok
72%
Ok
71%
Ok
71%
Ok
70%
Ok
69%
Ok
68%
Ok
68%
Ok
68%
Ok
68%
Ok
67%
Ok
67%
Ok
65%
Ok
65%
Ok
65%
Ok
64%
Ok
62%
Ok
62%
Ok
62%
Ok
61%
Ok
60%
Ok
59%
Ok
57%
Ok
57%
Ok
56%
Ok
56%
Ok
55%
Ok
55%
Ok
55%
Ok
55%
Ok
55%
Ok
55%
Ok
55%
Ok
55%
Ok
55%
Ok
55%
Ok
55%
Ok
55%
Ok
55%
Ok
54%
Ok
53%
Ok
52%
Ok
51%
Ok
51%
Ok
51%
Ok
50%
Ok
50%
Ok
50%
Ok
49%
Ok
47%
Ok
47%
Ok
47%
Ok
47%
Ok
47%
Ok
47%
Ok
47%
Ok
47%
Ok
47%
Ok
47%
Ok
47%
Ok
47%
Ok
47%
Ok
45%
Ok
44%
Ok
44%
Ok
44%
Ok
44%
Ok
44%
Ok
44%
Ok
44%
Ok
44%
Ok
44%
Ok
44%
Ok
44%
Ok
44%
Ok
43%
Ok
43%
Ok
42%
Ok
42%
Ok
41%
Ok
41%
Ok
41%
Ok
41%
Ok
41%
Ok
40%
Ok
38%
Ok
38%
Ok
37%
Ok
37%
Ok
37%
Ok
37%
Ok
35%
Ok
35%
Ok
35%
Ok
35%
Ok
33%
Ok
33%
Ok
32%
Ok
32%
Ok
31%
Ok
31%
Ok
31%
Ok
30%
Ok
29%
Ok
28%
Ok
28%
Ok
27%
Ok
26%
Ok
26%
Ok
24%
Ok
24%
Ok
24%
Ok
24%
Ok
24%
Ok
23%
Ok
23%
Ok
23%
Ok
23%
Ok
23%
Ok
22%
Ok
22%
Ok
19%
Ok
19%
Ok
19%
Ok
19%
Ok
17%
Ok
17%
Ok
17%
Ok
17%
Ok
17%
Ok
17%
Ok
17%
Ok
16%
Ok
14%
Ok
14%
Ok
14%
Ok
14%
Ok
14%
Ok
14%
Ok
14%
Ok
14%
Ok
14%
Ok
14%
Ok
14%
Ok
13%
Ok
13%
Ok
13%
Ok
13%
Ok
13%
Ok
13%
Ok
13%
Ok
13%
Ok
13%
Ok
13%
Ok
13%
Ok
13%
Ok
13%
Ok
13%
Ok
13%
Ok
13%
Ok
13%
Ok
12%
Ok
12%
Ok
11%
Ok
11%
Ok
11%
Ok
10%
Ok
10%
Ok
9%
Ok
9%
Ok
9%
Ok
8%
Ok
8%
Ok
8%
Ok
8%
Ok
8%
Ok
8%
Ok
8%
Ok
8%
Ok
8%
Ok
8%
Ok
8%
Ok
8%
Ok
8%
Ok
8%
Ok
7%
Ok
7%
Ok
7%
Ok
7%
Ok
7%
Ok
7%
Ok
7%
Ok
7%
Ok
7%
Ok
7%
Ok
7%
Ok
7%
Ok
7%
Ok
7%
Ok
7%
Ok
7%
Ok
7%
Ok
7%
Ok
7%
Ok
6%
Ok
6%
Ok
6%
Ok
5%
Ok
5%
Ok
5%
Ok
5%
Ok
5%
Ok
5%
Ok
5%
Ok
5%
Ok
5%
Ok
5%
Ok
5%
Ok
5%
Ok
5%
Ok
5%
Ok
5%
Ok
5%
Ok
5%
Ok
5%
Ok
5%
Ok
5%
Ok
5%
Ok
5%
Ok
5%
Ok
5%
Ok
5%
Ok
5%
Ok
5%
Ok
5%
Ok
5%
Ok
5%
Ok
5%
Ok
5%
Ok
5%
Ok
5%
Ok
5%
Ok
5%
Ok
5%
Ok
5%
Ok
5%
Ok
5%
Ok
5%
Ok
5%
Ok
5%
Ok
5%
Ok
5%
Ok
5%
Ok
5%
Ok
5%
Ok
5%
Ok
5%
Ok
5%
Ok
5%
Ok
5%
Ok
5%
Ok
5%
Ok
5%
Ok
5%
Ok
5%
Ok
5%
Ok
5%
Ok
5%
Ok
5%
Ok
5%
Ok
5%
Ok
5%
Ok
5%
Ok
5%
Ok
5%
Ok
5%
Ok
5%
Ok
5%
Ok
5%
Ok
5%
Ok
5%
Ok
5%
Ok
5%
Ok
5%
Ok
5%
Ok
5%
Ok
5%
Ok
5%
Ok
5%
Ok
5%
Ok
5%
Ok
5%
Ok
5%
Ok
5%
Ok
5%
Ok
5%
Ok
5%
Ok
5%
Ok
5%
Ok
5%
Ok
5%
Ok
5%
Ok
5%
Ok
5%
Ok
5%
Ok
5%
Ok
5%
Ok
5%
Ok
5%
Ok
5%
Ok
5%
Ok
5%
Ok
5%
Ok
5%
Ok
5%
Ok
5%
Ok
5%
Ok
5%
Ok
5%
Ok
5%
Ok
5%
Ok
5%
Ok
5%
Ok
5%
Ok
5%
Ok
5%
Ok
5%
Ok
5%
Ok
5%
Ok
5%
Ok
5%
Ok
5%
Ok
5%
Ok
5%
Ok
5%
Ok
5%
Ok
5%
Ok
5%
Ok
4%
Ok
4%
Ok
4%
Ok
4%
Ok
4%
Ok
4%
Ok
4%
Ok
4%
Ok
4%
Ok
4%
Ok
4%
Ok
4%
Ok
4%
Ok
4%
Ok
4%
Ok
4%
Ok
4%
Ok
4%
Ok
4%
Ok
4%
Ok
4%
Ok
4%
Ok
4%
Ok
4%
Ok
4%
Ok
4%
Ok
4%
Ok
4%
Ok
4%
Ok
4%
Ok
4%
Ok
4%
Ok
4%
Ok
4%
Ok
4%
Ok
4%
Ok
4%
Ok
4%
Ok
4%
Ok
4%
Ok
4%
Ok
4%
Ok
4%
Ok
4%
Ok
4%
Ok
4%
Ok
4%
Ok
4%
Ok
4%
Ok
4%
Ok
4%
Ok
4%
Ok
4%
Ok
4%
Ok
4%
Ok
4%
Ok
4%
Ok
4%
Ok
3%
Ok
3%
No matching quizzes found
Score Distribution
Percent of People with Each Score
Percentile by Number Answered
Your Score History
You have not taken this quiz